Detalles MARC
| 000 -LEADER |
| fixed length control field |
01766nam a2200313 a 4500 |
| 001 - CONTROL NUMBER |
| control field |
000027096 |
| 003 - CONTROL NUMBER IDENTIFIER |
| control field |
DO-SdBPM |
| 005 - DATE AND TIME OF LATEST TRANSACTION |
| control field |
20241105101119.0 |
| 008 - FIXED-LENGTH DATA ELEMENTS--GENERAL INFORMATION |
| fixed length control field |
110329s1980 dr 000 | spa d |
| 040 ## - CATALOGING SOURCE |
| Original cataloging agency |
DO-SdBPM |
| Language of cataloging |
spa |
| Transcribing agency |
BPMSU |
| 082 #4 - DEWEY DECIMAL CLASSIFICATION NUMBER |
| Classification number |
972.9301 |
| Item number |
V443v 1980 |
| Edition number |
22 |
| 100 1# - MAIN ENTRY--PERSONAL NAME |
| Personal name |
Veloz Maggiolo, Marcio, |
| Dates associated with a name |
1936-2021 |
| 100 z# - MAIN ENTRY--PERSONAL NAME |
| Personal name |
Maggiolo, Marcio Veloz |
| 245 10 - TITLE STATEMENT |
| Title |
Vida y cultura de la prehistoria de Santo Domingo. |
| 260 ## - PUBLICATION, DISTRIBUTION, ETC. (IMPRINT) |
| Place of publication, distribution, etc. |
San Pedro de Macorís, República Dominicana : |
| Name of publisher, distributor, etc. |
Ediciones de la UCE, |
| Date of publication, distribution, etc. |
1980. |
| 300 ## - PHYSICAL DESCRIPTION |
| Extent |
169 p. : |
| Other physical details |
il. ; |
| Dimensions |
24 cm. |
| 490 0# - SERIES STATEMENT |
| Series statement |
Científica, |
| Volume/sequential designation |
10 |
| 500 ## - GENERAL NOTE |
| General note |
Incluye referencias bibliográficas y notas al pie de las páginas. |
| 505 0# - FORMATTED CONTENTS NOTE |
| Miscellaneous information |
Introducción -- |
| -- |
I: |
| Title |
Los poblamientos aborígenes de la Isla Española -- |
| -- |
Nota sobre modelos económicos de ocupación prehistórica en la Isla de Santo Domingo -- |
| -- |
Arte indígena y economía en Santo Domingo -- |
| -- |
Variantes productivas de los agricultores precolombinos antillanos -- |
| -- |
Acerca del Sistema de Aprendizaje en la Sociedad Indígena Antillana -- |
| Miscellaneous information |
II: |
| Title |
La arqueología como ciencia social / |
| Statement of responsibility |
Diana López de Molina -- |
| Title |
Comentarios a la ponencia -- |
| Miscellaneous information |
III: |
| Title |
Sobre Ajes y batatas -- |
| -- |
Notas sobre la historia arqueológica: Las Antillas -- |
| -- |
Los materiales arqueológicos como fuentes para la investigación histórica. |
| 590 ## - LOCAL NOTE (RLIN) |
| Local note |
Inventariado, 2024/VM |
| 650 #4 - SUBJECT ADDED ENTRY--TOPICAL TERM |
| Topical term or geographic name as entry element |
Arqueología e historia |
| 650 #4 - SUBJECT ADDED ENTRY--TOPICAL TERM |
| Topical term or geographic name as entry element |
Arqueología indígena |
| 650 #4 - SUBJECT ADDED ENTRY--TOPICAL TERM |
| Topical term or geographic name as entry element |
Arte precolombino |
| 651 #4 - SUBJECT ADDED ENTRY--GEOGRAPHIC NAME |
| Geographic name |
Santo Domingo (República Dominicana) |
| General subdivision |
Arqueología |
| 651 #4 - SUBJECT ADDED ENTRY--GEOGRAPHIC NAME |
| Geographic name |
República Dominicana |
| General subdivision |
Historia |
| Chronological subdivision |
Época prehispànica, hasta 1492 |
| 710 2# - ADDED ENTRY--CORPORATE NAME |
| Corporate name or jurisdiction name as entry element |
Universidad Central del Este (San Pedro de Macorís, República Dominicana) |
| 910 ## - USER-OPTION DATA (OCLC) |
| User-option data |
VMateo V. Control de calidad BPMSU |
| 942 ## - ADDED ENTRY ELEMENTS (KOHA) |
| Source of classification or shelving scheme |
Dewey Decimal Classification |
| Koha item type |
Libros |